[Event "GER-chT Betriebe 15th"]
[Site "Munich"]
[Date "2015.10.23"]
[Round "6.4"]
[White "Kazemi Sresht, Rahim"]
[Black "Daurer, Walter"]
[Result "0-1"]
[WhiteElo "1524"]
[BlackElo "2007"]
[PlyCount "95"]
[EventDate "2015.10.22"]
[EventType "team-swiss"]
[EventRounds "7"]
[EventCountry "GER"]
[SourceTitle "EXT 2020"]
[Source "ChessBase"]
[SourceDate "2019.10.17"]
[SourceVersion "1"]
[SourceVersionDate "2019.10.17"]
[SourceQuality "1"]
[WhiteTeam "Hamburg Rapid Unilever"]
[BlackTeam "Muenchen Bayerische Landesb"]
[WhiteTeamCountry "GER"]
[BlackTeamCountry "GER"]

1. e4 c5 2. Nf3 Nc6 3. d4 cxd4 4. Nxd4 Nf6 5. Nc3 d6 6. Be2 e5 7. Nb3 Be6 8. Bg5 Be7 9. Bxf6 Bxf6 10. Nd5 Bxd5 11. exd5 Nb8 12. Bb5+ Nd7 13. 0-0 0-0 14. c3 a6 15. Be2 Rc8 16. Nd2 Nc5 17. b4 Nd7 18. Ne4 Be7 19. c4 f5 20. Nd2 e4 21. Nb3 Bf6 22. Rb1 Be5 23. f4 exf3 24. Rxf3 Qf6 25. Bd3 g6 26. Qf1 Qh4 27. Rh3 Qf6 28. Kh1 Bc3 29. a3 Rfe8 30. Rg3 Be5 31. Rh3 Re7 32. Rf3 Qg7 33. Re1 Rce8 34. c5 Bc3 35. Rxe7 Rxe7 36. Be2 Qe5 37. Rf2 Kg7 38. c6 bxc6 39. dxc6 Nf6 40. Bxa6 Ng4 41. Qg1 Nxf2+ 42. Qxf2 Qe1+ 43. Qg1 Qh4 44. h3 Re1 45. Bf1 Qf4 46. g3 Qf3+ 47. Qg2 Rxf1+ 48. Kh2 0-1

[Event "Hamburg-ch MB"]
[Site "Hamburg"]
[Date "2015.05.31"]
[Round "9"]
[White "Kazemi Sresht, Rahim"]
[Black "Raedisch, Peter"]
[Result "1-0"]
[WhiteElo "1549"]
[BlackElo "1706"]
[PlyCount "107"]
[EventDate "2015.05.23"]
[EventType "swiss"]
[EventRounds "9"]
[EventCountry "GER"]
[SourceTitle "EXT 2022"]
[Source "ChessBase"]
[SourceDate "2021.10.06"]
[SourceVersion "1"]
[SourceVersionDate "2021.10.06"]
[SourceQuality "1"]

1. e4 e5 2. Nf3 Nc6 3. Bb5 Bc5 4. c3 Qe7 5. 0-0 Nf6 6. d4 Bb6 7. Bg5 h6 8. Bxf6 Qxf6 9. d5 Ne7 10. Nbd2 a6 11. Be2 d6 12. Nc4 Ba7 13. Ne3 Qg6 14. Nd2 Bd7 15. Bh5 Qh7 16. Bg4 Bxg4 17. Qxg4 h5 18. Qf3 g5 19. Nf5 g4 20. Qd3 h4 21. Nxe7 Kxe7 22. b4 g3 23. c4 gxf2+ 24. Kh1 Bd4 25. Rab1 h3 26. g3 Qg6 27. Nf3 Qf6 28. Nxd4 exd4 29. Rbd1 Rh6 30. Rd2 Qe5 31. Rdxf2 Rf8 32. Rf5 Qg7 33. c5 Rh4 34. Qf3 Rh6 35. a4 f6 36. Qd3 Rh4 37. cxd6+ cxd6 38. Qxd4 Qg4 39. Re1 Rh6 40. Qb6 Rd8 41. Qxb7+ Rd7 42. Qxa6 Rh8 43. Qf1 Rf8 44. a5 Rc7 45. a6 Qg7 46. b5 Rb8 47. Rb1 Rc2 48. a7 Rbc8 49. Qxh3 Rh8 50. Rh5 Rxh5 51. Qxh5 Ra2 52. b6 Qg8 53. b7 Rxa7 54. b8Q 1-0

[Event "Hamburg-chA"]
[Site "Hamburg"]
[Date "2014.06.13"]
[Round "5"]
[White "Raedisch, Peter"]
[Black "Kazemi Sresht, Rahim"]
[Result "0-1"]
[WhiteElo "1577"]
[BlackElo "1568"]
[PlyCount "186"]
[EventDate "2014.06.07"]
[EventType "swiss"]
[EventRounds "7"]
[EventCountry "GER"]
[SourceTitle "CBM 161 Extra"]
[Source "ChessBase"]
[SourceDate "2014.08.29"]
[SourceVersion "1"]
[SourceVersionDate "2014.08.29"]
[SourceQuality "1"]

1. e4 c5 2. c3 d5 3. exd5 Qxd5 4. Nf3 Nf6 5. Na3 a6 6. Be2 e6 7. 0-0 Be7 8. Nc4 Qd8 9. d4 0-0 10. h3 b5 11. Nce5 Bb7 12. Be3 Nd5 13. Bc1 h6 14. Nh2 cxd4 15. Qxd4 Bf6 16. f4 Ne7 17. Rd1 Qxd4+ 18. Rxd4 Ng6 19. Nhf3 Ne7 20. Rd1 Nd5 21. Nd4 Be7 22. Kh1 Bh4 23. Kh2 Bf2 24. Rf1 Be3 25. Nd3 Bxd4 26. cxd4 Nc6 27. Nc5 Bc8 28. Nb3 Rd8 29. Bd2 Ra7 30. Rac1 Bd7 31. a3 Be8 32. Rf3 Nb6 33. Be3 Nd5 34. Bf2 Nce7 35. Bd3 Bc6 36. Na5 Ba8 37. Bb1 Rc8 38. Rxc8+ Nxc8 39. Kg3 Rc7 40. Be4 Nd6 41. Bd3 Nb6 42. Re3 Ndc4 43. Nxc4 Nxc4 44. Re2 Na5 45. h4 Bd5 46. f5 Nb3 47. fxe6 fxe6 48. Be3 Na5 49. Rf2 Nc4 50. Bc1 Rf7 51. Bh7+ Kf8 52. Rc2 Ra7 53. Bg6 Nd6 54. Rf2+ Kg8 55. Kh2 Rd7 56. Be3 Be4 57. h5 Bxg6 58. hxg6 Nf5 59. Rc2 Kf8 60. Bf2 Ne7 61. Re2 Rd6 62. Be1 Nd5 63. Rf2+ Ke8 64. g3 Rd7 65. Rc2 Ke7 66. Rc6 Rd6 67. Rc2 Kf6 68. Rf2+ Kxg6 69. Bd2 Nf6 70. Rf4 Rd5 71. g4 h5 72. gxh5+ Rxh5+ 73. Kg2 Rg5+ 74. Kf3 Rf5 75. b4 Nd5 76. Rxf5 Kxf5 77. Bc1 g5 78. Bd2 g4+ 79. Kg3 Nf6 80. Bc1 Ne4+ 81. Kg2 Nc3 82. Bb2 Ne2 83. Kf2 Nf4 84. Kg3 Nh5+ 85. Kg2 Ke4 86. Bc3 g3 87. Bb2 Kf4 88. Bc1+ Kg4 89. Bd2 Nf4+ 90. Kh1 Ne2 91. Be3 Kf3 92. Bg1 Nxg1 93. Kxg1 g2 0-1

[Event "Hamburg-chA"]
[Site "Hamburg"]
[Date "2014.06.07"]
[Round "1"]
[White "Chaichi Tehrani, Fereydoon"]
[Black "Kazemi Sresht, Rahim"]
[Result "1/2-1/2"]
[WhiteElo "1406"]
[BlackElo "1568"]
[PlyCount "109"]
[EventDate "2014.06.07"]
[EventType "swiss"]
[EventRounds "7"]
[EventCountry "GER"]
[SourceTitle "CBM 161 Extra"]
[Source "ChessBase"]
[SourceDate "2014.08.29"]
[SourceVersion "1"]
[SourceVersionDate "2014.08.29"]
[SourceQuality "1"]

1. e4 c5 2. b3 Nc6 3. Bb2 d6 4. f4 Nf6 5. Nc3 e6 6. Bb5 a6 7. Bxc6+ bxc6 8. Nf3 Bb7 9. 0-0 Be7 10. e5 Nd5 11. Nxd5 cxd5 12. exd6 Bxd6 13. Bxg7 Rg8 14. Be5 d4 15. Qe2 Qc7 16. g3 Qc6 17. Bxd6 Qxd6 18. Qe5 Rd8 19. Qxd6 Rxd6 20. Ne5 f6 21. Nc4 Rd8 22. Rae1 Kf7 23. Re2 d3 24. cxd3 Rxd3 25. Rfe1 Re8 26. Re3 Rd4 27. Na5 Bd5 28. d3 h5 29. Nc4 Ba8 30. Kf2 h4 31. Nd2 hxg3+ 32. hxg3 Bc6 33. Nf3 Rd6 34. g4 Red8 35. g5 Rxd3 36. gxf6 Bxf3 37. Kxf3 Kxf6 38. Rc1 Rxe3+ 39. Kxe3 Rd5 40. Rc4 e5 41. fxe5+ Kxe5 42. Ra4 Rd6 43. Rh4 Kd5 44. Kd3 Kc6+ 45. Kc4 Kb6 46. Rh5 Rd4+ 47. Kc3 Rf4 48. Rh6+ Kb7 49. a3 a5 50. Rh7+ Kc6 51. Rh6+ Kb7 52. a4 Rb4 53. Rh5 Kc6 54. Rh6+ Kb7 55. Rh5 1/2-1/2

[Event "Hamburg-ch A-Klasse"]
[Site "Hamburg"]
[Date "2013.05.23"]
[Round "6"]
[White "Kazemi Sresht, Rahim"]
[Black "Chyzynski, David"]
[Result "1-0"]
[WhiteElo "1505"]
[BlackElo "1471"]
[PlyCount "93"]
[EventDate "2013.05.18"]
[EventType "swiss"]
[EventRounds "9"]
[EventCountry "GER"]
[SourceTitle "EXT 2022"]
[Source "ChessBase"]
[SourceDate "2021.10.06"]
[SourceVersion "1"]
[SourceVersionDate "2021.10.06"]
[SourceQuality "1"]

1. e4 d5 2. exd5 Qxd5 3. Nc3 Qa5 4. d4 c6 5. Nf3 Nf6 6. Be2 Bf5 7. 0-0 e6 8. Nh4 Bg6 9. a3 Bd6 10. f4 Nbd7 11. Nf3 Qc7 12. Ne5 Bxe5 13. fxe5 Ne4 14. Nxe4 Bxe4 15. Bf3 Bg6 16. b4 Qb6 17. Kh1 Qb5 18. Be2 Qb6 19. c4 Rd8 20. c5 Qc7 21. Bf4 b6 22. Bg5 Rb8 23. Bd3 bxc5 24. Bxg6 hxg6 25. bxc5 Qa5 26. Qf3 0-0 27. Qxc6 Nxe5 28. dxe5 Rbc8 29. Qe4 Rxc5 30. Bf4 Rfc8 31. Bg3 Rc4 32. Qf3 R8c7 33. Rad1 Re7 34. Qd3 Rc8 35. Rc1 Rec7 36. Rxc7 Rxc7 37. Qf3 Qd2 38. Bf4 Qb2 39. h3 Rc3 40. Qa8+ Kh7 41. Qxa7 Qb3 42. Bh2 Qb5 43. Qxf7 Rxa3 44. Rf4 Ra4 45. Rxa4 Qxa4 46. Qxe6 g5 47. Qd6 1-0

[Event "Hamburg-chA"]
[Site "Hamburg"]
[Date "2012.06.03"]
[Round "9"]
[White "Kazemi Sresht, Rahim"]
[Black "Krueger, Dietrich"]
[Result "1-0"]
[WhiteElo "1501"]
[BlackElo "1064"]
[PlyCount "45"]
[EventDate "2012.05.26"]
[EventType "swiss"]
[EventRounds "9"]
[EventCountry "GER"]
[SourceTitle "CBM 148 Extra"]
[Source "ChessBase"]
[SourceDate "2012.06.22"]
[SourceVersion "1"]
[SourceVersionDate "2012.06.22"]
[SourceQuality "1"]

1. e4 c5 2. Nf3 Nc6 3. d4 cxd4 4. Nxd4 d5 5. Nxc6 bxc6 6. exd5 cxd5 7. Bb5+ Bd7 8. Qxd5 Qa5+ 9. Nc3 Rd8 10. Bxd7+ Rxd7 11. Qxa5 e5 12. 0-0 f6 13. Nd5 Bd6 14. Be3 f5 15. Rfe1 f4 16. Bxf4 Nf6 17. Bxe5 Bxe5 18. Rxe5+ Kf7 19. Qb5 Rhd8 20. c4 Ng4 21. Rf5+ Kg6 22. Nf4+ Kh6 23. Rh5# 1-0

[Event "Hamburg-chA"]
[Site "Hamburg"]
[Date "2012.05.26"]
[Round "1"]
[White "Raedisch, Peter"]
[Black "Kazemi Sresht, Rahim"]
[Result "1-0"]
[WhiteElo "1767"]
[BlackElo "1501"]
[PlyCount "60"]
[EventDate "2012.05.26"]
[EventType "swiss"]
[EventRounds "9"]
[EventCountry "GER"]
[SourceTitle "CBM 148 Extra"]
[Source "ChessBase"]
[SourceDate "2012.06.22"]
[SourceVersion "1"]
[SourceVersionDate "2012.06.22"]
[SourceQuality "1"]

1. e4 c5 2. Bc4 Nc6 3. f4 e6 4. Nf3 d5 5. exd5 exd5 6. Be2 Nf6 7. d3 Be7 8. 0-0 0-0 9. h3 Qb6 10. Kh2 Bd6 11. Kg1 Bd7 12. c3 Rae8 13. Nh2 c4+ 14. d4 Ne4 15. Bf3 Ng3 16. Rf2 Ne7 17. Nf1 Ngf5 18. Ne3 Nxe3 19. Bxe3 Qxb2 20. Rxb2 b6 21. Re2 Bf5 22. a4 Bd3 23. Re1 Nf5 24. Qd2 Be4 25. Bxe4 Rxe4 26. Na3 Rfe8 27. Bf2 Bxa3 28. Rxa3 Rxe1+ 29. Bxe1 Re3 30. g4 Rd3 1-0

[Event "Hamburg-chA"]
[Site "Hamburg"]
[Date "2011.10.04"]
[Round "4.1"]
[White "Hotze, Kurt"]
[Black "Kazemi Sresht, Rahim"]
[Result "0-1"]
[WhiteElo "1627"]
[BlackElo "1500"]
[PlyCount "54"]
[EventDate "2011.10.09"]
[EventType "swiss"]
[EventRounds "9"]
[EventCountry "GER"]
[SourceTitle "EXT 2012"]
[Source "ChessBase"]
[SourceDate "2011.11.24"]
[SourceVersion "1"]
[SourceVersionDate "2011.11.24"]
[SourceQuality "1"]

1. e4 c5 2. c3 Nc6 3. d4 cxd4 4. cxd4 Qb6 5. Nf3 e6 6. a3 Nf6 7. Nc3 Be7 8. Na4 Qd8 9. Bd3 d5 10. e5 Ne4 11. b4 a6 12. 0-0 b5 13. Nc5 Bxc5 14. dxc5 0-0 15. Bf4 f6 16. Qc2 f5 17. Rad1 Qe8 18. Bxe4 fxe4 19. Ng5 Rxf4 20. g3 Rf8 21. f4 h6 22. Nxe4 dxe4 23. Qxe4 Bb7 24. Rd6 Rd8 25. Rfd1 Rxd6 26. exd6 Qd7 27. Qe3 Nd8 0-1